| 000 | 00000nam##2200000za#4500 |
| 001 | 9.698648 |
| 003 | CaOODSP |
| 005 | 20240215150448 |
| 007 | cr ||||||||||| |
| 008 | 150407|2009||||xxc|||||o f|0| 0 eng|d |
| 040 | |aCaOODSP|beng |
| 043 | |an-cn--- |
| 086 | 1 |aPS84-41/2009E-PDF |
| 110 | 2 |aCorrectional Service Canada. |
| 245 | 10|aElectronic Monitoring Program Pilot (EMPP) |h[electronic resource] |
| 260 | |aOttawa - Ontario : |bCorrectional Service Canada |c[2009]. |
| 300 | |a1p. |
| 590 | |a14-03-Supp|b2014-01-17 |
| 690 | 07|aElectronic monitoring|2gcpds |
| 690 | 07|aGlobal positioning systems|2gcpds |
| 690 | 07|aParole|2gcpds |
| 775 | 08|tProgramme pilote de surveillance électronique (PPSE) |w(CaOODSP)9.642698 |
| 856 | 40|ahttp://publications.gc.ca|qPDF|s3.10 MB|uhttps://publications.gc.ca/collections/collection_2013/scc-csc/PS84-41-2009-eng.pdf |